Semantics of indirect questions in Polish
| Titel: | Semantics of indirect questions in Polish / Marek Świdziński |
|---|---|
| Verfasser: | |
| Veröffentlicht: | Warsaw : Elipsa, 1993 |
| Umfang: | IV, 166 S. |
| Format: | Buch |
| Sprache: | Englisch |
| RVK-Notation: | |
| ISBN: | 8385466363 |
| Hinweise zum Inhalt: |
Inhaltsverzeichnis
|
| Lokale Klassifikation: | 32 10 B |
|---|
alg: 6239711 001A $00077:17-02-99 001B $01999:12-05-23 $t21:52:54.000 001C $00026:15-07-11 $t15:45:39.000 001D $00026:15-07-11 001U $0utf8 001X $00 002@ $0Aau 003@ $0062397117 003O $032102913 $aOCoLC 004A $083-85466-36-3 007A $0062397117 $aHEB 007G $0DE0133FEF8DB002ECDEB6C12578D40036E982 009P $qapplication/pdf $A2 $3Inhaltsverzeichnis $uhttp://scans.hebis.de/HEBCGI/show.pl?06239711_toc.pdf $mV:DE-603;B:DE-Mb50 010@ $aeng 011@ $a1993 021A $aSemantics of indirect questions in Polish $hMarek Świdziński 028A $#Świdziński, M. $7 $8Świdziński, Marek [Tnd] $9138981507 033A $pWarsaw $nElipsa 034D $aIV, 166 S. 044K $RInterrogativsatz $#Abhängiger Interrogativsatz $#Indirekter Fragesatz $74161509-8 $8Indirekter Interrogativsatz [Ts1] $9085709743 044K $#Semantics $#General semantics $#Sémantique $#Sémantique générale $#Semántica general $#Semantik $#Semantik $#Bedeutungslehre $#Allgemeine Semantik $#Allgemeinsemantik $74054490-4 $8Semantik [Ts1] $9085151610 044K $RLechisch $#Polish language $#Polonais (langue) $#Lingua polacca $#Lengua polaca $#Polnisch $#Polnische Sprache $74120314-8 $8Polnisch [Ts1] $9085383503 045B $a491.855 $ALoC $eDDC21oclc 045F $a400 $eDDC23BSB 045F/01 $a400 045F/03 $g438 045Z $8KN 2020 [Tkv] $9409244244 lok: 6239711 24 101B $009-03-16 $t08:02:31.000 101C $009-03-16 101U $0utf8 145Z/01 $a32 10 B exp: 6239711 24 1 #EPN 201B/01 $009-03-16 $t08:02:31.000 201C/01 $008-03-16 201U/01 $0utf8 203@/01 $0769401821 208@/01 $a09-03-16 $bz 209A/01 $a16.00805 $du $f050 $h16 00805 $x00 209C/01 $a16.00805 T $h16 00805 T 209G/01 $a73889669 $x00 220C/01 $ahae 247C/01 $8358050-7Marburg, Bibliothek des Herder-Instituts Marburg $9102600961 lok: 6239711 25 exp: 6239711 25 1 #EPN 201B/01 $005-08-25 $t12:25:00.000 201C/01 $017-02-99 201U/01 $0utf8 203@/01 $0129298611 208@/01 $a21-09-04 $br 209A/01 $aG 32-4-S91 $dd $f075 $x00 209C/01 $a16377/96 209G/01 $a73297660 $x00 209G/01 $aSlavistik $x01 247C/01 $8651075-9 <77/075>Mainz, Universität Mainz, Bereichsbibliothek Philosophicum, Standort Slavistik $9102600244 lok: 6239711 204 exp: 6239711 204 1 #EPN 201B/01 $015-07-11 $t15:45:39.000 201C/01 $015-07-11 201U/01 $0utf8 203@/01 $0623427060 208@/01 $a15-07-11 $bzUB 209A/01 $aFrSla Cj 903 $du $f000 $hfrsla cj 903 $x00 209C/01 $aFRSLA 53532 209G/01 $a61139354 $x00 245S/01 $a21000 $x01 247C/01 $8631000-x <26>Gießen, Universität Gießen, Universitätsbibliothek Gießen $9102596697
| LEADER | 00000cam a2200000 c 4500 | ||
|---|---|---|---|
| 001 | 062397117 | ||
| 003 | DE-603 | ||
| 005 | 20230512215254.0 | ||
| 007 | tu | ||
| 008 | 990217s1993 xx |||| | u00||u|eng c | ||
| 020 | |a 8385466363 | ||
| 035 | |a (DE-599)HEB062397117 | ||
| 035 | |a (OCoLC)32102913 | ||
| 040 | |a DE-603 |b ger |c DE-603 |d DE-603 | ||
| 041 | |a eng | ||
| 082 | 0 | 4 | |8 1\u |a 400 |q DE-101 |2 23/BSB |
| 083 | 7 | |8 2\p |a 491.855 |2 21/oclc | |
| 084 | |a KN 2020 |0 (DE-625)79611: |0 (DE-603)409244244 |2 rvk | ||
| 085 | |8 1\u |b 400 | ||
| 085 | |8 1\u |z 2 |s 438 | ||
| 100 | 1 | |a Świdziński, Marek |0 (DE-603)138981507 | |
| 245 | 0 | 0 | |a Semantics of indirect questions in Polish |c Marek Świdziński |
| 264 | 1 | |a Warsaw |b Elipsa |c 1993 | |
| 300 | |a IV, 166 S. | ||
| 650 | 7 | |a Indirekter Interrogativsatz |0 (DE-588)4161509-8 |0 (DE-603)085709743 |2 gnd | |
| 650 | 7 | |a Semantik |0 (DE-588)4054490-4 |0 (DE-603)085151610 |2 gnd | |
| 650 | 7 | |a Polnisch |0 (DE-588)4120314-8 |0 (DE-603)085383503 |2 gnd | |
| 856 | 4 | 2 | |m V:DE-603;B:DE-Mb50 |q application/pdf |u http://scans.hebis.de/HEBCGI/show.pl?06239711_toc.pdf |3 Inhaltsverzeichnis |
| 883 | 0 | |8 2\p |q LoC | |
| 924 | 0 | |9 Mb 50 |a (DE-603)769401821 |b DE-Mb50 |c HES |d c |g 16.00805 | |
| 924 | 0 | |9 77/075 |a (DE-603)129298611 |b DE-77-075 |c HES |d d |g G 32-4-S91 | |
| 924 | 0 | |9 26 |a (DE-603)623427060 |b DE-26 |c HES |d c |g FrSla Cj 903 | |


